From ignose to hexuronic acid to vitamin C 50 Years Ago /

Elmentve itt :
Bibliográfiai részletek
Szerző: Hughes R. Elwyn
Dokumentumtípus: Cikk
Megjelent: Elsevier 1983-04
Sorozat:Trends in Biochemical Sciences 8 No. 4
Online Access:http://misc.bibl.u-szeged.hu/72551
LEADER 00650nab a2200181 i 4500
001 misc72551
005 20231103142913.0
008 231103s1983 hu o 000 eng d
022 |a 0968-0004 
040 |a SZTE Miscellanea Repozitórium  |b hun 
041 |a eng 
100 1 |a Hughes R. Elwyn 
245 1 5 |a From ignose to hexuronic acid to vitamin C   |h [elektronikus dokumentum] :  |b 50 Years Ago /  |c  Hughes R. Elwyn 
260 |a Elsevier  |c 1983-04 
300 |a 146-147 
490 0 |a Trends in Biochemical Sciences  |v 8 No. 4 
561 |a Szent-Györgyi Albertről szóló irodalom 
856 4 0 |u http://misc.bibl.u-szeged.hu/72551/1/szgya_1983_035.pdf  |z Dokumentum-elérés